00199nam a22000617a 4500008004100000020001400041245008200055140617b xxu||||| |||| 00| 0 eng d cAvailable aTranction of the ASME Journal of Heat Transfer vol 134 No-12 DeccSimon Terry